| 000 | 00419nam a2200157 i 4500 | ||
|---|---|---|---|
| 001 | bg | ||
| 100 | 1 |
_aJezierski, Andrzej _d(1930-2002). |
|
| 245 | 0 |
_aHistoria gospodarcza Polski Ludowej 1944-1985 / _cAndrzej Jezierski, Barbara Petz. |
|
| 250 | _aWyd.3 zm. | ||
| 260 |
_aWarszawa, _c1988. |
||
| 700 | 1 | _aPetz, Barbara. | |
| 040 | _cBPK | ||
| 041 | _apol | ||
| 942 | _cKS | ||
| 008 | s pl f |000 0 pol | ||
| 999 |
_c28692 _d28692 |
||
| 856 |
_uhttp://koha.tu.koszalin.pl/cgi-bin/koha/opac-detail.pl?biblionumber=28692 _yKatalog online BPK |
||